Thống kê ứng dụng trong kinh doanh và quản lý : Với sự hỗ trợ của Excel & SPSS

Gồm những nội dung về: thu thập dữ liệu thống kê; tóm tắt & trình bày dữ liệu; mô tả dữ liệu bằng các đặc trưng đo lường; điều tra chọn mẫu & phân phối mẫu; ước lượng; kiểm định giả thuyết; phân tích phương sai; kiểm định...

Ausführliche Beschreibung

Gespeichert in:
Bibliographische Detailangaben
1. Verfasser: Nguyễn, Văn Trãi
Format: Buch
Sprache:Undetermined
Veröffentlicht: Thành phố Hồ Chí Minh Nxb. Kinh tế Thành phố Hồ Chí Minh 2013
Schlagworte:
Tags: Tag hinzufügen
Keine Tags, Fügen Sie den ersten Tag hinzu!
Thư viện lưu trữ: Trung tâm Học liệu Trường Đại học Cần Thơ
LEADER 01299nam a2200217Ia 4500
001 CTU_204148
008 210402s9999 xx 000 0 und d
020 |c 42000 
082 |a 330.015195 
082 |b Tr103 
100 |a Nguyễn, Văn Trãi 
245 0 |a Thống kê ứng dụng trong kinh doanh và quản lý : 
245 0 |b Với sự hỗ trợ của Excel & SPSS 
245 0 |c Nguyễn Văn Trãi (chủ biên), Nguyễn Thanh Vân, Trần Minh Quân 
260 |a Thành phố Hồ Chí Minh 
260 |b Nxb. Kinh tế Thành phố Hồ Chí Minh 
260 |c 2013 
520 |a Gồm những nội dung về: thu thập dữ liệu thống kê; tóm tắt & trình bày dữ liệu; mô tả dữ liệu bằng các đặc trưng đo lường; điều tra chọn mẫu & phân phối mẫu; ước lượng; kiểm định giả thuyết; phân tích phương sai; kiểm định phi tham số; tương quan và hồi quy; dãy số thời gian; chỉ số được ứng dụng trong kinh doanh và quản lí 
650 |a Economics, mathematical,Toán kinh tế 
904 |i Hải 
980 |a Trung tâm Học liệu Trường Đại học Cần Thơ